| 000 | 00424nam a22001457a 4500 | ||
|---|---|---|---|
| 082 |
_a370.20 _bJON _cL-31, P-16 |
||
| 100 |
_aJhoes, Arthur J. _938255 |
||
| 245 | _aPrinciple of Guidance sixth edition/ | ||
| 250 | _a6th ed.. | ||
| 260 |
_aNew Dehli: _bTata Mcgraw hill publishing company ltd, _cc1963 |
||
| 300 |
_aix, 245 p. ; _c15cm |
||
| 526 |
_a0 _b0 _c0 _d370_200000000000000_JON |
||
| 650 |
_aMCE _9379 |
||
| 942 |
_2ddc _cBK |
||
| 999 |
_c542897 _d542897 |
||